Stanovenie chloridov

Saved in:
Bibliographic Details
Main Author: Kupec, Daniel (Author)
Other Authors: Čacho, František (Thesis advisor)
Format: Manuscript Book
Language:Slovak
Published: 2021
Subjects:
Online Access:http://is.stuba.sk/zp/portal_zp.pl?podrobnosti=150762
Tags: Add Tag
No Tags, Be the first to tag this record!

MARC

LEADER 00000ntm a22000003a 4500
001 stuzp84758
003 SK-STU
005 20210605210904.9
007 ta
008 150427s2015----xo-----f-mn---000-0-slo-d
040 |a STU  |b slo 
041 0 |a slo 
100 1 |a Kupec, Daniel  |u 041000  |4 aut  |U FCHPT Fakulta chemickej a potravinárskej technológie  |T FCHPT Ústav analytickej chémie  |X 81952  |U C1000  |Y 99  |7 81952 
242 0 1 |a Determination of chlorides  |y eng 
245 1 0 |a Stanovenie chloridov 
260 |c 2021 
650 4 |a prietoková cyklická voltampérometria  |2 slo 
650 4 |a porézny sklovitý uhlík  |2 slo 
650 4 |a chloridy  |2 slo 
650 4 |a chlorides  |2 eng 
650 4 |a porous glassy carbon  |2 eng 
650 4 |a flow cyclic voltammetry  |2 eng 
700 1 |a Čacho, František  |u 041000  |k Z1  |4 ths  |U FCHPT Fakulta chemickej a potravinárskej technológie  |T FCHPT Ústav analytickej chémie  |X 19738  |U C1000  |Y 99  |7 A0000019738 
856 4 |u http://is.stuba.sk/zp/portal_zp.pl?podrobnosti=150762